Footballeurs jouant pour l’équipe de France - Mort subite - Statistiques

Statistiques générales
  • Ce quiz a été pris 628 fois
  • Le résultat moyen est 14 sur 19
Answers on the Grid
Answers color-coded by a green-red scale on the quiz's grid according to % correct below.
Mike Maignan
Ibrahima Konate
Michael Olise
Aymeric Laporte
Romain Saïss
Jules Koundé
Théo Hernandez
Jean-Charles Castelletto
Jean-Philippe Mateta
Raphaël Guerreiro
Eduardo Camavinga
Brice Samba
Alban Lafont
Lucas Chevalier
Robin Le Normand
Houssem Aouar
William Saliba
Lucas Hernandez
Manu Koné
Randal Kolo-Muani
Magnes Akliouche
Jonathan Bamba
Maxime De Cuyper
Hugo Ekitiké
Amadou Onana
Ryan Cherki
Jeremy Doku
Lucas Digne
Kylian Mbappé
Christopher Nkunku
 
Statistiques - réponses
Réponse % Correct
Mike Maignan
97%
Ibrahima Konate
93%
Michael Olise
93%
Jules Koundé
92%
Théo Hernandez
90%
Eduardo Camavinga
84%
Brice Samba
75%
Jean-Philippe Mateta
72%
Lucas Chevalier
68%
William Saliba
67%
Lucas Hernandez
66%
Kylian Mbappé
64%
Randal Kolo-Muani
63%
Ryan Cherki
61%
Hugo Ekitiké
60%
Christopher Nkunku
58%
Lucas Digne
58%
Manu Koné
57%
Magnes Akliouche
52%
Aucun quiz correspondant
Distribution des résultats
% des personnes avec chaque résultat
Percentile par nombre de réponses
Votre historique - résultats
Vous n’avez pas pris ce quiz